1770 1113 1008 1620 1021 1478 1011 1832 1434 1041 1838 1880 1603 1986 1866 1525 1571 1683 1124 1390 1424 1953 1110 1791 1870 1624 1317 1774 1641 1342 1151 1142 1504 1301 1127 1775 1560 1987 1511 1214 1610 1088 1343 1848 1622 1491 1056 1495 1459 1189 1488 1138 1692 1718 1902 1583 1772 1439 1533 1099 1475 1928 1224 1092 1219 1270 1246 1755 1533 1140 1406 1947 1394 1292 1671 1082 1982 1678 1433 1889 1051 1360 1567 1235 1589 1535 1098 1172 1867 1420 1855 1685 1512 1041 1133 1599 1088 1483 1075 BCNSPRNW ULIB Ver.6.0+V

เปลี่ยนเป็นภาษาไทย

Change to English
 แสดงรายละเอียดบรรณานุกรม
  กลับหน้าหลัก

Brief Record : Get Marc (ISO 2709) : E-mail record : QR code < ปิดหน้าต่าง
LEADER : 00000nam 2200000uu 4500
001    13399112382
003     ULIB
008    110810s2550||||th 000 0 tha d
020    9789744348227
090    นว.^bท339ด 2550
100 0  ทักษิณา
245 00 ดวงใจลิขิตรัก/^cทักษิณา
250    พิมพ์ครั้งที่ 1
260    กรุงเทพฯ:^bฟิสิกส์เซ็นเตอร์,^c2550
300    277 หน้า
710 1  ฟิสิกส์เซ็นเตอร์
945    ^p180^l0^i14056
995    กัณชพร
999 ^a ใช้งานได้ทุกระบบ
รายการนี้ยังไม่มีแท็ก
คุณยังไม่ได้ล็อกอิน คุณสามารถมีกิจกรรมร่วมกับเว็บไซต์ได้ แต่ต้องล็อกอินก่อน ::
  ล็อกอิน

รายการสื่อสารสนเทศ

ลำดับที่ ประเภท เลขเรียก/บาร์โค้ด สถานที่ สถานะ
1. นวนิยาย
นวนิยาย
นว. ท339ด 2550  
  Barcode: 14056
ห้องสมุดวิทยาเขตสวรรค์ประชารักษ์
►นวนิยาย
บนชั้น
  ขอยืม

รายการใกล้เคียง
    ผู้แต่ง [ทักษิณา]

BibComment


ยังไม่เคยถูกคอมเมนท์

คอมเมนท์ทรัพยากรรายการนี้
  คอมเมนท์: ดวงใจลิขิตรัก ทัก..


 Copyright 2026. Bcnsprnw @Library